| 000 | 01241cam a22003497a 4500 | ||
|---|---|---|---|
| 003 | CHAP | ||
| 005 | 20220329141609.0 | ||
| 008 | 971013s1959 r 00010 d | ||
| 010 | _a70755 | ||
| 011 | _a71727 | ||
| 035 | _a81281 | ||
| 040 | _cCHAP | ||
| 082 |
_a575 _bD39Y 1959 |
||
| 100 | 0 | 0 |
_aDarwin, Charles. _931103 |
| 245 | 1 | 3 | _aEl origen de las especies por medio de la selección natural |
| 260 |
_aMéxico, D.F. : _bUNAM, _c1959 |
||
| 300 | _a2 v. | ||
| 590 |
_aBATCH-UPD _b10 _c20130110 _lUCH01 _h0140 |
||
| 590 |
_aBATCH-UPD _b10 _c20130110 _lUCH01 _h1831 |
||
| 590 |
_aBATCH-UPD _b10 _c20130410 _lUCH01 _h1204 |
||
| 590 |
_aBATCH-UPD _b10 _c20130914 _lUCH01 _h1138 |
||
| 590 |
_aCONVERSION _b10 _c20130109 _lUCH01 _h1339 |
||
| 650 | 1 | 4 |
_aEspecies _xOrigen de las. _937791 |
| 650 | 1 | 4 |
_aEvolución. _939007 |
| 650 | 1 | 4 |
_aSelección natural. _9103780 |
| 901 | _aBK | ||
| 942 | _cLIBRO | ||
| 949 |
_a575 D39Y 1959 _bBC _cLIBRO _d33724000452181 _eLIBRO _fv.2 c.2 _i81281 _si _t48.00 |
||
| 949 |
_a575 D39Y 1959 _bBC _cLIBRO _d33724000476552 _eLIBRO _fv.1 c.2 _i81281 _si _t48.00 |
||
| 949 |
_a575 D39Y 1959 _bBC _cLIBRO _d33724000476560 _eLIBRO _fv.2 _i81281 _si _t48.00 |
||
| 949 |
_a575 D39Y 1959 _bBC _cLIBRO _d33724000476578 _eLIBRO _fv.1 _i81281 _si _t48.00 |
||
| 999 |
_c70755 _d70755 |
||